| 000 | 01653nam a2200289Ia 4500 | ||
|---|---|---|---|
| 999 |
_c37516 _d37516 |
||
| 001 | 3480 | ||
| 003 | GE_BSU | ||
| 005 | 20190620211656.0 | ||
| 008 | 181216s2009||||ge |||||||||||||| ||geo|| | ||
| 020 | _a9789941014871 | ||
| 040 | _cGE_BSU | ||
| 041 | _ageo | ||
| 080 | _a371.277.2 რ–72 | ||
| 245 |
_aროგორ შევადგინოთ პედაგოგიური ტესტები / _cსაქ. განათლ. და მეცნ. სამინ., ეროვნ. სასწ. გეგმებისა და შეფასების ცენტრი ; წიგნზე მუშაობდნენ: სიმონ ჯანაშია და სხვ. ; მხატვ. ბუბა ოჩიაური |
||
| 264 |
_aთბილისი, _c2009 |
||
| 300 |
_a83 გვ. ; _b29 სმ. |
||
| 490 | _aპროფესიული განათლება | ||
| 504 | _aტერმინთა განმარტება: გვ. 75-78. - ბიბლიოგრ.: გვ. 79-80. | ||
| 653 | _aტესტების შედგენა | ||
| 700 |
_aჯანაშია, სიმონ _eავტორი _91446 |
||
| 700 |
_aქიტიაშვილი, ანასტასია _eავტორი _92706 |
||
| 700 |
_aლაბარტყავა, ნინო _eავტორი _92707 |
||
| 700 |
_a აბაშიძე, თამარ _eავტორი _92708 |
||
| 700 |
_aარუთინოვა, ლუიზა _eავტორი _92709 |
||
| 700 |
_aოჩიაური, ბუბა _eმხატვარი _92710 |
||
| 942 |
_cBK _2udc |
||